| 000 | 00474nam a2200181Ia 4500 | ||
|---|---|---|---|
| 003 | GCL | ||
| 008 | 140319s9999 xx 000 0 eng d | ||
| 040 |
_aGCL / _cGCL |
||
| 082 | 0 | 4 |
_a658.152 _bB O |
| 100 | 1 | _aBARNETT, HOWARD | |
| 245 | 1 | 0 |
_aOPERATIONS MANAGEMENT / _cBARNETT, HOWARD |
| 260 |
_a[S.N] : _bMac Millan Press ، _c1996 |
||
| 300 | _a457 P | ||
| 650 | 0 | 4 | _aMANAGEMENT |
| 650 | 0 | 4 | _aMANAGEMENT - OPERATION |
| 650 | 0 | 4 | _aMANAGEMENT - SCIENCES |
| 942 |
_2ddc _cBK |
||
| 999 |
_c13662 _d13662 |
||